[Event "Trois-Rivieres Mauricie op U2000"]
[Site "Trois Rivieres"]
[Date "2014.03.16"]
[Round "4"]
[White "Marcouiller, David"]
[Black "Laplante, Sylvain"]
[Result "1-0"]
[WhiteElo "1640"]
[BlackElo "1801"]
[PlyCount "55"]
[EventDate "2014.03.14"]
[EventType "swiss"]
[EventRounds "5"]
[EventCountry "CAN"]
[SourceTitle "EXT 2022"]
[Source "ChessBase"]
[SourceDate "2021.10.06"]
[SourceVersion "1"]
[SourceVersionDate "2021.10.06"]
[SourceQuality "1"]

1. c4 Nf6 2. Nc3 e6 3. g3 d5 4. cxd5 exd5 5. Nf3 c6 6. Qc2 Be7 7. d4 0-0 8. Bg2 Be6 9. Ng5 Qd7 10. Nxe6 fxe6 11. Bf4 c5 12. e3 Nc6 13. Rd1 Nh5 14. dxc5 Nxf4 15. exf4 Nb4 16. Qe2 Bxc5 17. a3 Nc6 18. 0-0 Nd4 19. Qg4 Nf5 20. Nxd5 exd5 21. Rxd5 Qc8 22. Rfd1 Ne7 23. Rd7 Qe8 24. b4 Bb6 25. Qe6+ Rf7 26. Re1 Bd8 27. Bd5 Kf8 28. Rxb7 1-0